| 000 | 02010cam a22003734a 4500 | ||
|---|---|---|---|
| 001 | 14021584 | ||
| 003 | ARRUPE | ||
| 005 | 20211015111623.0 | ||
| 008 | 050630s2006 enk b 001 0 eng | ||
| 010 | _a 2005051299 | ||
| 020 | _a0195174089 (cloth : alk. paper) | ||
| 020 | _a9780195174083 | ||
| 035 | _a(OCoLC)ocm60882048 | ||
| 040 |
_aDLC _cDLC _dBAKER _dC#P _dIXA _dCGU _dUUS _dDLC |
||
| 042 | _apcc | ||
| 050 | 0 | 0 |
_aQ175.32.I54 _bS73 2006 |
| 082 | 0 | 0 |
_a501 _222 |
| 100 | 1 |
_aStanford, P. Kyle. _950531 |
|
| 245 | 1 | 0 |
_aExceeding our grasp : _bscience, history, and the problem of unconceived alternatives / _cP. Kyle Stanford. |
| 260 |
_aOxford ; _aNew York : _bOxford University Press, _c2006. |
||
| 300 |
_axiv, 234 p. ; _c25 cm. |
||
| 504 | _aIncludes bibliographical references (p. 215-221) and index. | ||
| 505 | 0 | _aRealism, pessimism, and underdetermination -- Chasing Duhem: the problem of unconceived alternatives -- Darwin and pangenesis: the search for the material basis of generation and heredity -- Galton and the stirp theory -- August Weismann's theory of the germ-plasm -- History revisited: Pyrrhic victories for scientific realism -- Selective confirmation and the historical record: "another such victory over the Romans"? -- Science without realism? | |
| 530 | _aAlso available on the Internet to subscribing institutions. | ||
| 650 | 0 |
_aInference. _950425 |
|
| 650 | 0 |
_aReasoning. _912415 |
|
| 650 | 0 |
_aScience _xPhilosophy. |
|
| 856 | 4 | 1 | _uhttp://www.oxfordscholarship.com/oso/public/content/philosophy/0195174089/toc.html |
| 856 | 4 | 2 |
_3Publisher description _uhttp://www.loc.gov/catdir/enhancements/fy0637/2005051299-d.html |
| 856 | 4 | 2 |
_3Contributor biographical information _uhttp://www.loc.gov/catdir/enhancements/fy0724/2005051299-b.html |
| 906 |
_a7 _bcbc _corignew _d1 _eocip _f20 _gy-gencatlg |
||
| 942 |
_2lcc _cMONOGRAPH |
||
| 999 |
_c130904 _d130904 |
||